LEADER 00976cam0-22003251i-450- 001 990005256330403321 005 20121005133843.0 035 $a000525633 035 $aFED01000525633 035 $a(Aleph)000525633FED01 035 $a000525633 100 $a19990604d1969----km-y0itay50------ba 101 0 $aeng 102 $aUS 105 $aaf------001yy 200 1 $aArt and literature in fourth century Athens$fby T. B. L. Webster 210 $aNew York$cGreenwood Press$d1969 215 $aXVI, 159 p., 16 tav.$cill.$d22 cm 451 0$1001000476606 610 0 $aArte greca$aStoria 610 0 $aLetteratura greca$aStoria 676 $a709.38$v21$zita 700 1$aWebster,$bThomas Bertram Lonsdale$f<1905-1974>$0304399 801 0$aIT$bUNINA$gRICA$2UNIMARC 901 $aBK 912 $a990005256330403321 952 $a709.38 WEB 1$bANT. G.R. 3160$fFLFBC 959 $aFLFBC 996 $aArt and literature in fourth century Athens$9539475 997 $aUNINA LEADER 01168nam a2200337 i 4500 001 991003488579707536 005 20021217151552.0 008 950118s1992 us a b 001 0 eng d 020 $a0121680401 035 $ab11818359-39ule_inst 035 $aLE00301603$9ExL 040 $aDip.to Biologia$beng 082 0 $a572.565$222 245 00$aGuide to electroporation and electrofusion /$cDonald C. Chang ... [et al.] 260 3 $aSan Diego :$bAcademic Press,$cc1992 300 $ax, 581 p. :$bill. ;$c24 cm 500 $aIncludes bibliographical references and index 650 0$aCell fusion 650 0$aCytology (Cell biology) 650 0$aElectricity 650 0$aElectrofusion 650 0$aElectrophysiology 650 0$aElectroporation 650 0$aMembrane fusion 700 1 $aChang, Donald C. 907 $a.b11818359$b12-07-11$c18-12-02 912 $a991003488579707536 945 $aLE003 572.56 CHA02.01 (1992)$g1$i2003000000542$lle003$o-$pE0.00$q-$rl$s- $t0$u0$v0$w0$x0$y.i1206886x$z18-12-02 996 $aGuide to electroporation and electrofusion$9898856 997 $aUNISALENTO 998 $ale003$b01-01-95$cm$da $e-$feng$gus $h0$i1